00440 2200169 4500001002100000008004100021035002000062245004600082250001700128260003000145300002000175020002200195084001600217082001000233650001900243990000800262INLIS000000000000193 ind  a0010-0425000193 aCantik alami dengan Masker Buatan Sendiri aCetakan ke-3 aDepok :bArya Duta,c2020 a74 hlm.c25 cm. a978-979-094-787-0 a613.4 MAY c a613.4 aMaya Rohmayati a261